Central Library OPAC University of Rajshahi

The Kurds and their country : (Record no. 65011)

MARC details
000 -LEADER
fixed length control field 00633nam a2200205 a 4500
001 - CONTROL NUMBER
control field 65011
003 - CONTROL NUMBER IDENTIFIER
rucl marc code BD-RjUL
005 - DATE AND TIME OF LATEST TRANSACTION
control field 20211209081358.0
008 - FIXED-LENGTH DATA ELEMENTS--GENERAL INFORMATION
fixed length control field 170226s1955 iq ||||| |||| 00| 0 eng d
035 ## - SYSTEM CONTROL NUMBER
System control number (BD-RjUL)65141
040 ## - CATALOGING SOURCE
Original cataloging agency BD-RjUL
Language of cataloging eng
Transcribing agency BD-RjUL
Modifying agency eng
041 ## - LANGUAGE CODE
Language code of text/sound track or separate title eng
082 ## - DEWEY DECIMAL CLASSIFICATION NUMBER
Edition number 23
Classification number 956.67
Author mark and year WAK 1955
100 1# - MAIN ENTRY--PERSONAL NAME
Personal name Waheid, A., sheikh
9 (RLIN) 192699
245 ## - TITLE STATEMENT
Title The Kurds and their country :
Remainder of title a history of the Kurdish people (from earliest times to the present) /
Statement of responsibility, etc. sheikh, Waheid A.
260 ## - PUBLICATION, DISTRIBUTION, ETC. (IMPRINT)
Place of publication, distribution, etc. Baghdad :
Name of publisher, distributor, etc. Messrs,
Date of publication, distribution, etc. 1955
300 ## - PHYSICAL DESCRIPTION
Pagination xii, 187 p. ;
Size 17 cm.
651 ## - SUBJECT ADDED ENTRY--GEOGRAPHIC NAME
Geographic name Kurds
General subdivision History.
9 (RLIN) 192700
942 ## - ADDED ENTRY ELEMENTS (KOHA)
Source of classification or shelving scheme Dewey Decimal Classification
Koha item type Books
Holdings
Lost status Source of classification or shelving scheme Damaged status Not for loan Collection code Permanent Location Current Location Shelving location Date acquired Source of acquisition Cost, normal purchase price Total Checkouts Full call number Date last seen Copy number Koha item type
  Dewey Decimal Classification   Not For Loan Non-fiction Central Library, University of Rajshahi Central Library, University of Rajshahi Reading Room 18/05/1957 Pub. LTD. 5.00   956.67 WAK 1955 26/02/2017 C-1 Books